000
00308nam a2200121Ia 4500
008
190902s9999||||xx |||||||||||||| ||und||
020
_a
81-7245-346-9
100
_a
Ellen Guffey
245
0
_a
Business Communiaction Process & Product
260
_a
London
_b
The McGraw-Hill
_c
2000
300
_a
246
942
_c
BK
999
_c
2785
_d
2785